00364nam a2200145Ia 4500008004100000020001500041041000800056082001700064100001900081245003400100250000600134260004800140300001200188650001800200210716s2004 xx 000 0 und d a8126120940 aeng a005.133 HAVB aHavaldar, B M. aProgramming skills through c. a1 aNew DelhibAnmol Publications Pvt Ltdc2004 axxv,398 aC Programming